[Event "FRA-ch Blitz Online Qual"]
[Site "Europe Echecs INT"]
[Date "2020.05.16"]
[Round "4"]
[White "Baroyan, Davit"]
[Black "Suspene, Jacques"]
[Result "1-0"]
[WhiteElo "2218"]
[BlackElo "1610"]
[PlyCount "59"]
[EventDate "2020.05.16"]
[EventType "swiss (blitz)"]
[EventRounds "15"]
[EventCountry "FRA"]
[SourceTitle "CBM 196 Extra"]
[Source "ChessBase"]
[SourceDate "2020.07.31"]
[SourceVersion "1"]
[SourceVersionDate "2020.07.31"]
[SourceQuality "1"]

1. d4 d5 2. c4 e6 3. Nc3 Nf6 4. cxd5 exd5 5. Bg5 c6 6. e3 Be7 7. Qc2 Nbd7 8. Bd3 0-0 9. Nge2 Re8 10. 0-0 Nf8 11. f3 h6 12. Bh4 N6h7 13. Bf2 Bg5 14. e4 dxe4 15. fxe4 Be7 16. Bc4 Nf6 17. Qb3 Ne6 18. Rad1 b5 19. Bxe6 Bxe6 20. d5 cxd5 21. exd5 Bd7 22. d6 Bf8 23. Bh4 Rb8 24. Nd5 Rxe2 25. Bxf6 gxf6 26. Nxf6+ Qxf6 27. Rxf6 Be6 28. Qg3+ Kh7 29. d7 Rd8 30. Qh4 1-0

[Event "FRA-ch Blitz Online Qual"]
[Site "Europe Echecs INT"]
[Date "2020.05.16"]
[Round "2"]
[White "Gazado, Quentin"]
[Black "Suspene, Jacques"]
[Result "0-1"]
[WhiteElo "1013"]
[BlackElo "1610"]
[PlyCount "50"]
[EventDate "2020.05.16"]
[EventType "swiss (blitz)"]
[EventRounds "15"]
[EventCountry "FRA"]
[SourceTitle "CBM 196 Extra"]
[Source "ChessBase"]
[SourceDate "2020.07.31"]
[SourceVersion "1"]
[SourceVersionDate "2020.07.31"]
[SourceQuality "1"]

1. e4 d6 2. b3 Nf6 3. d3 g6 4. Bb2 Bg7 5. f4 0-0 6. Qe2 c5 7. Nc3 Nc6 8. 0-0-0 Bd7 9. h3 a6 10. g4 b5 11. f5 b4 12. Na4 Na7 13. fxg6 fxg6 14. Bg2 Rb8 15. Bf3 Bxa4 16. bxa4 Qa5 17. Bxf6 Bxf6 18. h4 Qxa4 19. Kd2 Bc3+ 20. Ke3 Qxa2 21. h5 Bd4+ 22. Kd2 b3 23. Ke1 b2 24. Qh2 b1Q 25. hxg6 Bc3+ 0-1

[Event "FRA-ch Blitz Online Qual"]
[Site "Europe Echecs INT"]
[Date "2020.05.16"]
[Round "14"]
[White "Lefrancois, Jean"]
[Black "Suspene, Jacques"]
[Result "1-0"]
[WhiteElo "1038"]
[BlackElo "1610"]
[PlyCount "67"]
[EventDate "2020.05.16"]
[EventType "swiss (blitz)"]
[EventRounds "15"]
[EventCountry "FRA"]
[SourceTitle "CBM 196 Extra"]
[Source "ChessBase"]
[SourceDate "2020.07.31"]
[SourceVersion "1"]
[SourceVersionDate "2020.07.31"]
[SourceQuality "1"]

1. d4 d5 2. Nc3 Nf6 3. Bf4 c6 4. e3 Bf5 5. Bd3 Bg6 6. Nf3 e6 7. h3 Bd6 8. Bxd6 Qxd6 9. Ne5 Bxd3 10. cxd3 Nbd7 11. Nxd7 Qxd7 12. Qf3 0-0 13. 0-0 Rfe8 14. Rad1 e5 15. dxe5 Rxe5 16. e4 dxe4 17. dxe4 Qe7 18. Rfe1 Re8 19. Rd4 h6 20. a4 b6 21. Re3 c5 22. Rc4 a6 23. Kh2 Qe6 24. b3 Qe7 25. Qf4 Nd7 26. Nd5 Qe6 27. Nc7 Qe7 28. Nxe8 Qxe8 29. Rcc3 Nf6 30. f3 Qe7 31. Rcd3 g5 32. Qg3 Nh5 33. Qg4 Nf4 34. Rd1 1-0

[Event "FRA-ch Blitz Online Qual"]
[Site "Europe Echecs INT"]
[Date "2020.05.16"]
[Round "12"]
[White "Mezouaghi, Miloud"]
[Black "Suspene, Jacques"]
[Result "0-1"]
[WhiteElo "1999"]
[BlackElo "1610"]
[PlyCount "128"]
[EventDate "2020.05.16"]
[EventType "swiss (blitz)"]
[EventRounds "15"]
[EventCountry "FRA"]
[SourceTitle "CBM 196 Extra"]
[Source "ChessBase"]
[SourceDate "2020.07.31"]
[SourceVersion "1"]
[SourceVersionDate "2020.07.31"]
[SourceQuality "1"]

1. e4 d6 2. d4 Nf6 3. Nc3 g6 4. f4 Bg7 5. Nf3 c5 6. dxc5 Qa5 7. Bd3 Qxc5 8. Qe2 0-0 9. Be3 Qa5 10. Qd2 a6 11. 0-0 Nc6 12. Kh1 Bd7 13. a3 Rac8 14. b4 Qc7 15. Na4 Nd4 16. Bxd4 Bxa4 17. e5 Nd7 18. exd6 Qxd6 19. Bxg7 Kxg7 20. Rad1 Nf6 21. Ne5 Rfd8 22. Qe2 Qc7 23. c4 Bc6 24. Nxc6 Qxc6 25. c5 Rd7 26. Bc4 Rcd8 27. Rxd7 Rxd7 28. Re1 e6 29. Bd3 Qc7 30. Qe3 Nd5 31. Qf3 Qxf4 32. Qxf4 Nxf4 33. Be4 Nd5 34. Rd1 f6 35. Kg1 Kf7 36. Kf2 Ke7 37. Bxd5 Rxd5 38. Re1 e5 39. Ke3 Rd4 40. Rc1 Kd7 41. g3 Kc6 42. h4 b6 43. cxb6+ Kxb6 44. Rc8 Rd7 45. Rb8+ Kc7 46. Ra8 Kb7 47. Rf8 f5 48. Re8 e4 49. Kf4 Kc6 50. h5 gxh5 51. Kxf5 Rg7 52. Kf4 h4 53. Rxe4 hxg3 54. Re1 g2 55. Rg1 Kb5 56. Ke4 Ka4 57. Kd4 Kxa3 58. Kc4 h5 59. Kc3 Ka4 60. Ra1+ Kb5 61. Rg1 h4 62. Kd3 h3 63. Ke3 h2 64. Rxg2 Rxg2 0-1

[Event "FRA-ch Blitz Online Qual"]
[Site "Europe Echecs INT"]
[Date "2020.05.16"]
[Round "13"]
[White "Suspene, Jacques"]
[Black "Condat, Hugo"]
[Result "0-1"]
[WhiteElo "1610"]
[BlackElo "1961"]
[PlyCount "74"]
[EventDate "2020.05.16"]
[EventType "swiss (blitz)"]
[EventRounds "15"]
[EventCountry "FRA"]
[SourceTitle "CBM 196 Extra"]
[Source "ChessBase"]
[SourceDate "2020.07.31"]
[SourceVersion "1"]
[SourceVersionDate "2020.07.31"]
[SourceQuality "1"]

1. e4 e6 2. d4 d5 3. Nc3 Nf6 4. e5 Nfd7 5. Nce2 c5 6. c3 Nc6 7. f4 f6 8. Nf3 Qb6 9. g3 cxd4 10. cxd4 fxe5 11. fxe5 Bb4+ 12. Nc3 0-0 13. a3 Rxf3 14. Qxf3 Nxd4 15. Qd1 Nxe5 16. Be3 Nc2+ 17. Qxc2 Qxe3+ 18. Qe2 Bxc3+ 19. Kd1 Qd4+ 20. Kc2 Bxb2 21. Rb1 Qc3+ 22. Kd1 Bxa3 23. Qc2 Qf3+ 24. Kd2 Bd6 25. Be2 Qf2 26. Rbf1 Qd4+ 27. Kc1 Bd7 28. Rd1 Qb4 29. Rhf1 Rc8 30. Qxc8+ Bxc8 31. Rd2 Bd7 32. Rc2 Bc6 33. Rb2 Qd4 34. Rc2 Qe3+ 35. Rd2 Nc4 36. Rf3 Qxd2+ 37. Kb1 Qb2# 0-1

[Event "FRA-ch Blitz Online Qual"]
[Site "Europe Echecs INT"]
[Date "2020.05.16"]
[Round "15"]
[White "Suspene, Jacques"]
[Black "Sepahpour, Shervine"]
[Result "0-1"]
[WhiteElo "1610"]
[BlackElo "1398"]
[PlyCount "42"]
[EventDate "2020.05.16"]
[EventType "swiss (blitz)"]
[EventRounds "15"]
[EventCountry "FRA"]
[SourceTitle "CBM 196 Extra"]
[Source "ChessBase"]
[SourceDate "2020.07.31"]
[SourceVersion "1"]
[SourceVersionDate "2020.07.31"]
[SourceQuality "1"]

1. e4 c5 2. c3 e6 3. d4 cxd4 4. cxd4 Nf6 5. Nc3 Bb4 6. Bd3 Nc6 7. Nf3 Qb6 8. Be3 d5 9. e5 Ng4 10. 0-0 Nxe3 11. fxe3 0-0 12. Ng5 h6 13. Qh5 Qc7 14. Rf4 Be7 15. Bh7+ Kh8 16. Nxf7+ Kxh7 17. Ng5+ Bxg5 18. Rxf8 Bxe3+ 19. Kh1 Bxd4 20. Raf1 Qe7 21. R1f7 Qg5 0-1